Into Tibet : (Record no. 591494)

000 -LEADER
fixed length control field 01210cam a2200301 a 4500
001 - CONTROL NUMBER
control field 12593485
005 - DATE AND TIME OF LATEST TRANSACTION
control field 20221005093849.0
008 - FIXED-LENGTH DATA ELEMENTS--GENERAL INFORMATION
fixed length control field 011119s2002 nyuaf b 001 0 eng
010 ## - LIBRARY OF CONGRESS CONTROL NUMBER
LC control number 2001058459
020 ## - INTERNATIONAL STANDARD BOOK NUMBER
International Standard Book Number 0802117147
040 ## - CATALOGING SOURCE
Original cataloging agency DLC
Transcribing agency DLC
Modifying agency DLC
043 ## - GEOGRAPHIC AREA CODE
Geographic area code n-us---
-- a-cc-ti
050 00 - LIBRARY OF CONGRESS CALL NUMBER
Classification number E183.8.T55
Item number L35 2002
082 00 - DEWEY DECIMAL CLASSIFICATION NUMBER
Classification number 303.482730515
Author Mark LAI
100 1# - MAIN ENTRY--PERSONAL NAME
Personal name Laird, Thomas,
Dates associated with a name 1953-
9 (RLIN) 99123
245 10 - TITLE STATEMENT
Title Into Tibet :
Remainder of title the CIA's first atomic spy and his secret expedition to Lhasa /
Statement of responsibility, etc. Thomas Laird.
246 30 - VARYING FORM OF TITLE
Title proper/short title Secret expedition to Lhasa
250 ## - EDITION STATEMENT
Edition statement 1st ed.
260 ## - PUBLICATION, DISTRIBUTION, ETC.
Place of publication, distribution, etc. New York :
Name of publisher, distributor, etc. Grove Press,
Date of publication, distribution, etc. c2002.
300 ## - PHYSICAL DESCRIPTION
Extent xviii, 364 p., [8] p. of plates :
Other physical details ill. ;
Dimensions 24 cm.
504 ## - BIBLIOGRAPHY, ETC. NOTE
Bibliography, etc. note Includes bibliographical references (p. 335-344) and index.
650 #0 - SUBJECT ADDED ENTRY--TOPICAL TERM
Topical term or geographic name entry element Espionage, American
Geographic subdivision China
-- Tibet Autonomous Region.
9 (RLIN) 99124
651 #0 - SUBJECT ADDED ENTRY--GEOGRAPHIC NAME
Geographic name United States
General subdivision Relations
Geographic subdivision China
-- Tibet Autonomous Region.
9 (RLIN) 99125
651 #0 - SUBJECT ADDED ENTRY--GEOGRAPHIC NAME
Geographic name Tibet Autonomous Region (China)
General subdivision Relations
Geographic subdivision United States.
9 (RLIN) 99126
906 ## - LOCAL DATA ELEMENT F, LDF (RLIN)
a 7
b cbc
c orignew
d 1
e ocip
f 20
g y-gencatlg
942 ## - ADDED ENTRY ELEMENTS (KOHA)
Source of classification or shelving scheme
Koha item type Book
Holdings
Withdrawn status Lost status Source of classification or shelving scheme Damaged status Not for loan Permanent Location Current Location Shelving location Date acquired Source of acquisition Total Checkouts Full call number Barcode Date last seen Date last checked out Price effective from Koha item type
          Central Library (CL) Central Library (CL) Chinese Studies 10/05/2022 Donated by China Embassy 1 303.482730515 LAI CL-D-1945 04/29/2024 04/23/2024 10/05/2022 Book
© 2023 Central Library, National University of Sciences and Technology. All Rights Reserved.